Minecraft by Letter - O - Statistics

General Stats
  • This quiz has been taken 39 times
  • The average score is 6 of 7
Answer Stats
Hint Answer % Correct
The main, most used wood in the game Oak
97%
The largest body of water Ocean
97%
The jungle mob similar to a cat Ocelot
94%
The structure of the pillagers Outpost
86%
A name for the dimension you spawn in Overworld
86%
The largest structure found in the above Ocean Monument
75%
Another structure found there Ocean Ruins
50%
No matching quizzes found
Score Distribution
Percent of People with Each Score
Percentile by Number Answered
Your Score History
You have not taken this quiz